000 00372nam a2200169Ia 4500
100 _aBLUEMENTHAL/ERIK.
650 _aPHILOPSOPHY
942 _cBK
366 _f25
654 _aUNDERSTANDING
245 _aTO UNDERSTAND & UNDERSTOOD.
260 _bBETTER YOURSELF BOOK
_aBandra
_c1985
082 _a170/BLU
_bBLU
300 _a155
546 _aENGLISH
999 _c23817
_d23817